Imbas gemilang KBS '98 .

Bibliographic Details
Corporate Author: MALAYSIA
Other Authors: Zambry Abd. Kadir
Format: Book
Published: Kuala Lumpur : Kementerian Belia dan Sukan Malaysia , 1999
Subjects:

MARC

LEADER 00000cam a2200000 7i4500
001 0000001279
005 20140402.0
090 0 0 |a 796.09595   |b MAL 1999 
110 1 0 |a MALAYSIA   |c Kementerian Belia dan Sukan 
245 1 0 |a Imbas gemilang KBS '98 .   |l Moment of glory KBS '98   |c editor Zambry Abd. Kadir 
260 0 0 |a Kuala Lumpur :   |b Kementerian Belia dan Sukan Malaysia ,   |c 1999 
300 |a 208 p. :   |b col. ill. ;   |c 31 cm. 
500 0 0 |a Texts in English and Bahasa Malaysia 
650 0 0 |a Commonwealth Games   |x Pictorial works 
650 0 0 |a Sports   |z Malaysia   |x Pictorial works 
700 0 1 |a Zambry Abd. Kadir 
745 0 0 |a Imbas gemilang Kementerian Belia dan Sukan sembilan puluh lapan 
745 0 0 |a Moments of glory Kementerian Belia dan Sukan ninety-eight 
998 |a JPSM 
999 |a 0000002229   |b Monograph   |c Open Shelf   |e Default branch 
999 |a 0000002230   |b Monograph   |c Open Shelf   |e Default branch